000 00324nam a22001457a 4500
008 230508b ||||| |||| 00| 0 eng d
020 _a089356014
041 _aeng
080 _2VOLUME 1,2,3,4,5
_a94
082 _a94POW
100 _a28
101 _aHISTORY
245 _aMILITARY HISTORY
_cPOWELL.J
942 _2udc
_cBK
999 _c59657
_d59657